000 00695nam a2200289Ia 4500
005 20260324125521.0
008 008 260324s9999 xx 000 0 eng d
020 _a9780203962565
037 _aEBOOK
040 _aCRL
040 _beng
040 _cCRL
041 _2eng
041 _aeng
084 _qCRL
100 _aRupert Taylor
_91178268
245 0 _aConsociational Theory
245 0 _bMcGarry and O’Leary and the Northern Ireland conflict
260 _bTaylor and Francis
260 _c2009
365 _a
365 _b240
856 _uhttp://www.taylorfrancis.com/books/9780203962565
942 _cEBOOK
999 _c1773628
_d1773628